000 01142nam2a2200229 4500
001 rc\2935021
005 20260315055425.0
035 _a(NLR Aleph) 007084193
090 _a13598337
_c13598337
100 _a20110822d1939 u y0rusy50 ca
101 0 _arus
102 _aRU
105 _ay z |||||
200 1 _aРазработка типа электрода и режима наплавки изношенных крестовин
210 _d1939
461 0 _1001rc\2935020
_12001#$aНаучные труды Института электросварки АН УССР$eВып. № 60-$fАкад. наук УССР. Ин-т электросварки$vВып. № 60
_96507439
_aИнститут электросварки им. Е.О. Патона
_cКиев
_d1939
_fАкад. наук УССР. Ин-т электросварки
_nИзд-во Акад. наук УССР
_oВып. № 60-
_tНаучные труды Института электросварки АН УССР
_vВып. № 60
801 0 _aRU
_bNLR
_gpsbo
801 1 _aRU
_bELAR
_2rusmarc
852 _aNLR
_j39-19/212-60
942 _cUNSPEC
980 _aNB